El Procedimiento administrativo en la Ley de Bases de Régimen Local / Jaime Sánchez Isac
ISBN:
84-7028-152-6
Descripción Física:
267 p. ; 23 cm
MARC
| LEADER | 00000nam a2200000Ia 4500 | ||
|---|---|---|---|
| 001 | 14129 | ||
| 008 | 160829s1987 xx 000 0 cat d | ||
| 020 | |a 84-7028-152-6 | ||
| 080 | |a M-4-132 | ||
| 100 | 1 | |a Sánchez Isac, Jaime |9 85 | |
| 245 | |a El Procedimiento administrativo en la Ley de Bases de Régimen Local / Jaime Sánchez Isac | ||
| 260 | |a Barcelona : |b Bayer, |c 1987 | ||
| 300 | |a 267 p. ; |c 23 cm | ||
| 590 | |a Bibliografia. | ||
| 590 | |a Índex | ||
| 650 | 0 | |a Procediment administratiu |z Espanya |9 19587 | |
| 650 | 0 | |a Administració local |x Dret i legislació |z Espanya |9 11255 | |
| 901 | |a Arxiu | ||
| 942 | |n 1 | ||
| 952 | |0 0 |1 0 |4 0 |6 M4132 |7 1 |9 43566 |a Arxiu |b Arxiu |d 2016-12-01 |l 0 |o M-4-132 |p 14129 |r 2016-12-01 00:00:00 |w 2016-12-01 |y ARXIU | ||
| 999 | |c 46113 |d 46113 | ||